| 000 -LEADER |
| fixed length control field |
00785cam a2200229 a 4500 |
| 020 ## - INTERNATIONAL STANDARD BOOK NUMBER |
| ISBN |
0300028709 (alk. paper) |
| 020 ## - INTERNATIONAL STANDARD BOOK NUMBER |
| ISBN |
9780300028706 (alk. paper) |
| 020 ## - INTERNATIONAL STANDARD BOOK NUMBER |
| ISBN |
0300042124 |
| 020 ## - INTERNATIONAL STANDARD BOOK NUMBER |
| ISBN |
9780300042122 |
| 040 ## - CATALOGING SOURCE |
| Transcribing agency |
DLC |
| 082 ## - DEWEY DECIMAL CLASSIFICATION NUMBER |
| Classification number |
720 YAL 1986 A085 Or. |
| 100 1# - MAIN ENTRY--AUTHOR NAME |
| Personal name |
Olsen, Donald J. |
| 245 14 - TITLE STATEMENT |
| Title |
The city as a work of art : |
| Remainder of title |
London, Paris, Vienna / |
| 260 ## - PUBLICATION, DISTRIBUTION, ETC. (IMPRINT) |
| Place of publication |
New Haven : |
| Name of publisher |
Yale University Press, |
| Year of publication |
c1986. |
| 300 ## - PHYSICAL DESCRIPTION |
| Number of Pages |
xiii, 341 p. : |
| Other physical details |
ill. ; |
| Dimensions |
29 cm. |
| 500 ## - GENERAL NOTE |
| General note |
Includes index. |
| 520 ## - SUMMARY, ETC. |
| Summary, etc |
Examines public buildings and homes in ninteenth-century London, Paris, and Vienna, and explains how each city reflected the characteristic lifestyle of its population. |
| 650 #0 - SUBJECT ADDED ENTRY--TOPICAL TERM |
| Topical Term |
Architecture |
| 650 #0 - SUBJECT ADDED ENTRY--TOPICAL TERM |
| Topical Term |
Architecture |
| 650 #0 - SUBJECT ADDED ENTRY--TOPICAL TERM |
| Topical Term |
Architecture |
| 942 ## - ADDED ENTRY ELEMENTS (KOHA) |
| Koha item type |
សៀវភៅភាសាអង់គ្លេស |
| 952 ## - LOCATION AND ITEM INFORMATION (KOHA) |
| Withdrawn status [LOCAL, KOHA] |
0 |